[Event "Corus-B"]
[Site "Wijk aan Zee"]
[Date "2004.01.13"]
[Round "3"]
[White "Granda Zuniga, Julio E"]
[Black "Fressinet, Laurent"]
[Result "0-1"]
[WhiteElo "2581"]
[BlackElo "2636"]
[Annotator "Lutz,C"]
[PlyCount "68"]
[EventDate "2004.01.10"]
[EventType "tourn"]
[EventRounds "13"]
[EventCountry "NED"]
[EventCategory "13"]
[SourceTitle "CBM 099"]
[Source "ChessBase"]
[SourceDate "2004.03.30"]
[SourceVersion "1"]
[SourceVersionDate "2004.03.30"]
[SourceQuality "1"]

1. d4 d5 2. c4 c6 3. Nc3 Nf6 4. Nf3 e6 5. e3 Nbd7 6. b3 Bd6 7. Bb2 O-O 8. Be2
Qe7 9. O-O Re8 10. a4 $6 {Der Einschub von a2-a4/...a7-a5 nutzt nur dem
Schwarzen, da das Feld b4 geschwächt wird.} (10. Qc2 $142) 10... a5 11. Qc2 b6
12. e4 $6 {Granda Zuniga geht die Partianlage sehr optimistisch an und gerät
nach wenigen Zügen in eine schlechtere Stellung. Mit der Öffnung im Zentrum
versucht er eine Initative nachzuweisen, die er schon nicht mehr hat.} (12.
Rad1 Bb7 13. Bd3 $11) 12... Nxe4 13. Nxe4 dxe4 14. Qxe4 Bb7 15. Bd3 $6 (15.
Rad1 $5 $11) 15... f5 $1 {Ein typischer Zug in derartigen Stellungen. Der
weiße Ld3 wird eingeschränkt und außerdem ...Nf6 vorbereitet. Den rücktändigen
Bauern auf e6 kann Weiß nicht richtig ausnutzen.} 16. Qe3 c5 $15 {[%csl Rg2,
Rh2][%cal Yb7g2,Yd6h2] Die schwarzen Läufer sind aktiv gegen den weißen König
aufgestellt.} 17. Rfe1 Nf6 {[%csl Re3,Rh2][%cal Yf6g4]} 18. h3 Rad8 19. Rad1
Qc7 20. Bc2 Ne4 21. Qe2 Bf4 22. Rd3 cxd4 23. Nxd4 Nc5 {"Dank" des Zugpaares 10.
a4?! a5 hat der schwarze Springer nun das "ewige" Feld c5 und die weiße
Bauernmehrheit am Damenflügel ist entwertet.} 24. Rdd1 Qf7 {Auf dem Weg zum
weißen König ...} 25. Qf1 $2 {Das erscheint mir doch zu passiv.} (25. Nf3 $5
$15) 25... Bb8 26. Re3 Bf4 27. Ree1 Qg6 28. Bc3 Bb8 29. Nb5 Qg5 $17 30. Nd4 {
Weiß fällt kein Zug mehr ein ...} (30. Be5 Rxd1 31. Bxd1 Nd3 $19) 30... Qf4 31.
g3 Qg5 {Man beachte die Wanderung der schwarzen Dame. Als Ergebnis ist der
weiße Königsflügel unheilvoll geschwächt.} 32. Ne2 f4 33. g4 $6 Rxd1 34. Rxd1
f3 {Energisch vorgetragen von Fressinet, aber Granda Zuniga war in dieser
Partie offensichtlich völlig von der Rolle.} 0-1

[Event "Olympiad-33"]
[Site "Elista"]
[Date "1998.10.10"]
[Round "11.2"]
[White "Agrest, Evgenij"]
[Black "Sturua, Zurab"]
[Result "1-0"]
[WhiteElo "2545"]
[BlackElo "2600"]
[Annotator "Lutz,C"]
[PlyCount "65"]
[EventDate "1998.09.29"]
[EventType "team-swiss"]
[EventRounds "13"]
[EventCountry "RUS"]
[SourceTitle "CBM 068"]
[Source "ChessBase"]
[SourceDate "1999.02.01"]
[SourceVersion "1"]
[SourceVersionDate "1999.02.01"]
[SourceQuality "1"]
[WhiteTeam "Sweden"]
[BlackTeam "Georgia"]
[WhiteTeamCountry "SWE"]
[BlackTeamCountry "GEO"]

{[%mdl 4]} 1. c4 c6 2. d4 d5 3. Nc3 Nf6 4. Nf3 e6 5. e3 Nbd7 6. Qc2 Bd6 7. g4
Bb4 $5 {Diese Idee gegen den Shabalov-Angriff 7.g4 wurde durch die Partie
Gelfand,B-Kramnik,V (EU cup Berlin 1996) auf höchstem Niveau eingeführt.} 8.
Bd2 b6 $5 {Da der Weiße nach seinem nächsten Zug einfach besser steht, ist
vielleicht der Stammzug 8...Qe7 besser.} (8... Qe7 9. a3 (9. Bd3 {0-1
Kempinski,R-Rogozenko,D/Koszalin 1998/CBM 65 ext (44)}) 9... Bxc3 10. Bxc3 b6 {
0-1 Gelfand,B-Kramnik,V/Berlin 1996/CBM 55/[Lutz] (28)}) 9. cxd5 cxd5 $146 (
9... exd5 {kann die schwarzen Probleme nicht lösen:} 10. g5 Ng8 11. Qa4 Bxc3
12. Bxc3 Bb7 13. h4 h6 14. Bh3 Ne7 15. O-O-O hxg5 16. hxg5 Ng6 17. Bf5 Rxh1 18.
Rxh1 Ndf8 19. e4 Qd6 20. Re1 Qf4+ 21. Re3 dxe4 22. Bxe4 O-O-O 23. Bxc6 $16 {
Bastidas Rodriguez,E-Bezerra,T/Pan American-ch 1997/EXT 99/1-0 (40)}) 10. g5
Bxc3 11. Bxc3 Ne4 12. Bb4 {Dieser Läufer entwickelt entlang der Diagonale
a3-f8 unangenehmen Druck, er kann nicht vertrieben werden.} Bb7 (12... Nxg5 $2
13. Nxg5 Qxg5 14. Bd6 {/\ Qc6} Bb7 15. Qc7 Rb8 16. Bb5 $18) 13. h4 f6 14. Bd3
Kf7 15. Rg1 a5 16. Ba3 Rc8 17. Qd1 f5 $6 {Schwächt das Feld e5 dauerhaft.} (
17... Re8 $5 $14 {/\} 18. gxf6 Qxf6) 18. Rc1 Rxc1 19. Qxc1 Qc8 20. Qxc8 Rxc8
21. Ke2 Rc7 $2 {Jetzt geht Schwarz chancenlos unter.} (21... b5 $5 {ist die
einzige Chance.} 22. Bxb5 Rc2+ 23. Kd1 (23. Ke1 Rc1+) 23... Rxf2 24. Rf1 (24.
Bxd7 Rxf3 $13) 24... Bc6 $13) 22. Nd2 $6 (22. Ne1 $5 $16 {ist nicht von
schlechten Eltern. Es droht einfach f2-f3 und das Feld c2 ist überdeckt.})
22... Rc8 $6 (22... Nxd2 23. Kxd2 $16 {/\ h4-h5, g5-g6 ist das kleinere Übel.})
23. Nb3 {Der Ne4 gerät in Probleme.} Rc6 24. Rc1 (24. Bb5 Rc2+ 25. Kd1 Rxf2 26.
Bxd7 Ba6 $132) 24... h6 25. f3 Ng3+ 26. Kf2 Nh5 27. Bb5 Rxc1 28. Nxc1 Nb8 29.
Nd3 $18 {Schwarz ist völlig dominiert.} hxg5 30. Ne5+ Kf6 31. Bd6 Na6 32. Be8 {
Es droht Nd7 matt!} g6 33. Bxg6 {Eine modellhafte Partie, die das Ziel des
Shabalov-Angriffs (Raumgewinn am Königsflügel) illustriert.} (33. Bxg6 Ng7 34.
hxg5+ Kxg5 35. Be7+ Kh6 36. f4 {und Schwarz verliert den Springer.}) 1-0

[Event "United Insurance 4th"]
[Site "Dhaka"]
[Date "1999.02.19"]
[Round "1"]
[White "Abdulla, Al Rakib"]
[Black "Neelotpal, Das"]
[Result "1-0"]
[WhiteElo "2406"]
[BlackElo "2436"]
[Annotator "Lutz,C"]
[PlyCount "109"]
[EventDate "1999.02.19"]
[EventType "tourn"]
[EventRounds "13"]
[EventCountry "BAN"]
[EventCategory "10"]
[SourceTitle "CBM 070"]
[Source "ChessBase"]
[SourceDate "1999.06.08"]
[SourceVersion "1"]
[SourceVersionDate "1999.06.08"]
[SourceQuality "1"]

1. d4 d5 2. c4 c6 3. Nf3 Nf6 4. Nc3 e6 5. e3 Nbd7 6. Qc2 Bd6 7. e4 dxe4 8. Nxe4
Nxe4 9. Qxe4 e5 $5 {Dieses Abspiel führt beinahe forciert zu einer
ungewöhnlichen Materialverteilung. Zu 'normaleren' Stellungen führen 9...c5
und 9...Bb4+.} (9... c5) (9... Bb4+) 10. dxe5 O-O {Wenn Schwarz das nun
folgende Damenopfer nicht zulassen will, findet er sich in einem etwas
schlechterem Endspiel wieder:} (10... Qe7 11. Bf4 Bb4+ 12. Bd2 Bxd2+ 13. Nxd2
Qxe5 (13... Nxe5 14. f4 Ng6 15. Qxe7+ Kxe7 16. g3 Rd8 17. O-O-O $14 {1-0
Garcia Padron,J-Bellon Lopez,J/Las Palmas 1981/MCD (49)}) 14. O-O-O O-O 15. Bd3
g6 16. Bc2 Re8 17. f4 Qxe4 18. Nxe4 Kg7 19. Nd6 Re7 20. Rhe1 Kf8 21. g4 $14 {
Gurevich,M-Novikov,I/USSR 1982}) 11. exd6 {Die ECO zeigt, daß es jetzt für
Weiß kein Zurück mehr gibt:} (11. Ng5 Nf6 $17) (11. Bd3 f5 $17) (11. Bf4 Bb4+
12. Ke2 Nc5 13. Qe3 Ne6 {/\ ...f6}) (11. Be2 Nxe5 12. Nxe5 Qa5+ $15) 11... Re8
12. Qxe8+ Qxe8+ 13. Be3 {Weiß hat Turm, Läufer und vor allem einen starken
Freibauern auf d6 als Gegenwert für die Dame. Ein genaues Urteil über diese
Stellung gibt es nicht.} Nf6 14. O-O-O Bf5 (14... Be6 15. Bd3 Rd8 16. b3 Bg4 $6
17. Bf4 Bxf3 18. gxf3 Nh5 19. Rhe1 $16 Qxe1 20. Rxe1 Nxf4 21. Rd1 c5 22. a3 g6
23. Be4 b6 24. b4 f5 25. Bc6 Ne2+ 26. Kb2 Nd4 27. Rxd4 cxd4 28. c5 bxc5 29.
bxc5 Rb8+ 30. Kc2 Kf7 31. Bd5+ Ke8 32. c6 Rb5 33. c7 Rc5+ 34. Kd3 Kd7 35. Bb7 {
1-0 Dorfman,J-Sveshnikov,E/Tashkent 1980/MCL (35)}) 15. Bd3 (15. Be2 Ng4 16.
Bd3 Nxe3 17. fxe3 Qxe3+ 18. Kc2 Qc5 19. Bxf5 Qxf5+ 20. Rd3 Rd8 21. Re1 f6 22.
Kc3 Qa5+ 23. Kb3 b5 $17 24. Re4 bxc4+ 25. Rxc4 Rb8+ 26. Kc2 Qxa2 27. Nd2 Rxb2+
28. Kd1 Rxd2+ 29. Rxd2 Qxc4 30. d7 Qf1+ 31. Kc2 Qc4+ 32. Kd1 {1/2-1/2 Santos,
C-Santos,M/Lisbon 1994/EXT 98 (32)}) 15... Bxd3 16. Rxd3 c5 $146 (16... Qe6 17.
b3 a5 (17... Nd7 18. Rhd1 Qg6 19. g3 Re8 20. Bd4 Qxd6 21. Be5 Qh6+ 22. Bf4 Qh5
23. Rxd7 Qxf3 24. Be3 h6 25. Rxb7 a5 26. Ra7 Rxe3 27. Ra8+ Kh7 28. fxe3 Qxe3+
29. Kc2 Qe4+ 30. Rd3 Qe2+ 31. Rd2 Qe4+ {1/2-1/2 Andruet,G-Bryson,D/Luzern 1982/
EXT 97-B (31)}) 18. Rhd1 a4 19. d7 Rd8 20. Bg5 Rxd7 21. Rxd7 Nxd7 22. Re1 Qg4
23. Re8+ Nf8 24. Be7 h6 25. Rxf8+ Kh7 26. Bc5 f6 27. Be3 Qxg2 28. Nd4 Qxh2 29.
Rf7 Qe5 30. Rxb7 h5 31. Kd2 h4 32. Nf3 Qb2+ 33. Kd3 Qb1+ 34. Kc3 h3 35. Nh2 Qg1
36. Bf4 Qa1+ 37. Kd3 a3 38. Re7 Qxa2 39. Re1 Qxb3+ 40. Kd4 Qb2+ {0-1 Shneider,
A-Chekhov,V/Telavi 1982/MCD (40)}) 17. Rhd1 (17. Bxc5 Qc6 18. Bd4 Qxc4+) 17...
Nd7 18. b3 h6 $6 (18... f6 {sieht besser aus. Schwarz muß den Nd7 gegen einen
Abtausch über e5 schützen. Die Schwächung der 7.Reihe fällt nicht so sehr ins
Gewicht. Ich denke, daß Schwarz dann keine Probleme hat, man sehe :} 19. Bf4
Qe4 20. Bg3 Qc6 21. Re3 b5 {mit Gegenspiel für Schwarz.}) 19. Bf4 Qe6 20. Re3
Qf6 21. Be5 Nxe5 $6 {Nachdem der Nd7 abgetaucht ist, ist der Pd6 eine enorme
Bedrohung.} (21... Qg6 22. Bc3 $5) 22. Rxe5 Kh7 23. d7 Qf4+ 24. Kb2 Qf6 25. Kc1
Qf4+ 26. Kb2 Qf6 27. a4 Rd8 28. Kc1 (28. Ka3 $5 $16 {gefällt mir besser. Ich
denke, daß Weiß großen Vorteil hat.}) 28... Qf4+ 29. Kb1 Qg4 30. Red5 Qxg2 31.
Ne5 Qxf2 {Jetzt ist die Stellung völlig unklar.} 32. Nd3 (32. a5 $5 {/\ a6} Qf6
33. Nd3) 32... Qxh2 33. Nxc5 Qc7 34. Ne4 b6 35. Nc3 a6 36. a5 bxa5 37. c5 f5
38. Na4 f4 39. Nb6 f3 40. Rf1 Rf8 (40... Qf4 $5) 41. Rxf3 Rxf3 (41... Rd8 42.
Rc3 $17) 42. d8=Q Qg3 (42... Rxb3+ 43. Kc2 Qg3 44. Rd3 $18) 43. Rd2 Rxb3+ 44.
Rb2 Rc3 (44... Rxb2+ 45. Kxb2 Qe5+ {nebst ...Qxc5 führt zum sofortigen
Unentschieden.}) 45. Qd4 Re3 46. Nc4 Qg1+ 47. Kc2 Qg6+ $2 {Schwarz überspannt
den Bogen.} (47... Qf2+ 48. Nd2 Qf5+ 49. Kd1 Rd3 {und Schwarz gewinnt den Pc5:}
50. Qh4 (50. Qa4 Rc3) (50. Qc4 $2 Qf1+ 51. Kc2 Rxd2+ $19) 50... Rc3) 48. Kd2
Rh3 49. Ne3 $18 {Weiß steht auf Gewinn, da jetzt sein König geschützt ist.} a4
50. Rb6 Qe8 51. Rd6 Rh2+ 52. Kc3 Rh3 53. Qd3+ g6 54. Rd7+ Kg8 55. Rd8 1-0

[Event "Olympiad-36"]
[Site "Mallorca"]
[Date "2004.10.24"]
[Round "9"]
[White "Harikrishna, Pentala"]
[Black "Dreev, Alexey"]
[Result "0-1"]
[WhiteElo "2612"]
[BlackElo "2698"]
[Annotator "Lutz,C"]
[PlyCount "122"]
[EventDate "2004.10.15"]
[EventType "team-swiss"]
[EventRounds "14"]
[EventCountry "ESP"]
[SourceTitle "CBM 104"]
[Source "ChessBase"]
[SourceDate "2005.01.27"]
[SourceVersion "1"]
[SourceVersionDate "2005.01.27"]
[SourceQuality "1"]
[WhiteTeam "India"]
[BlackTeam "Russia"]
[WhiteTeamCountry "IND"]
[BlackTeamCountry "RUS"]

1. d4 d5 2. c4 c6 3. Nc3 Nf6 4. e3 e6 5. Nf3 Nbd7 6. Qc2 Bd6 7. g4 dxc4 8. Bxc4
e5 9. Bd2 exd4 10. Nxd4 Nb6 (10... Ne5 {1-0 Shirov,A-Fressinet,L/Mallorca 2004/
CBM 104/[Lutz] (28)}) 11. Be2 O-O 12. O-O-O (12. Nf5 {geschah in der
Stammpartie von 9.Bd2. Weiß sollte dank des Läuferpaares leichten Vorteil
haben:} Bxf5 13. Qxf5 Qc8 14. Qxc8 Raxc8 15. e4 (15. g5 $5 $14) 15... Rfe8 16.
f3 Rcd8 17. O-O-O Nfd7 18. h4 Nc5 19. Bg5 f6 20. Be3 Ne6 21. Kc2 Bc5 22. Bxc5
Nxc5 23. Rd2 Rxd2+ 24. Kxd2 Kf7 25. Ke3 Rd8 26. Rc1 Ne6 27. f4 h6 28. f5 $6 (
28. h5 $14) 28... Nf8 29. Nd1 Nbd7 30. Nf2 Ne5 31. Nh3 g5 32. fxg6+ Nfxg6 33.
g5 hxg5 34. hxg5 {1/2-1/2 Chabanon,J-Boudre,J/France 2002/EXT 2003 (34)}) 12...
Nbd5 13. Nxd5 Nxd5 (13... cxd5 14. f3 Bd7 15. Kb1 $14) 14. Nf5 Bxf5 15. gxf5
Qh4 16. Qc4 Qf6 (16... Qxf2 17. Rdf1 Qg2 18. Rfg1 Qh3 19. e4 Nf4 $13) 17. Rhg1
Rad8 18. Kb1 Bxh2 19. Rg4 Rfe8 (19... Qe7 $5) 20. Qc2 $6 (20. e4 Nb6 21. Qc2
$36 Qe7 22. Bh6 Rxd1+ 23. Bxd1 Be5 24. f4 $40) 20... Qe7 21. e4 Nf6 22. Rh4
Nxe4 23. f6 (23. Rxh2 Rxd2) 23... Nxf6 24. Bd3 Rxd3 25. Qxd3 Rd8 26. Qc2 Qd6 $2
(26... Be5 $15) 27. f4 $2 (27. Rxh2 Qxh2 28. Bf4 $18) 27... Bg1 28. Rh1 Bd4 29.
Rh3 c5 30. Be3 Qe6 31. f5 Qe5 32. Bg5 Re8 33. Rdh1 h6 34. Bc1 Qe4 $17 35. Qxe4
Rxe4 36. a4 Nd5 37. a5 Kf8 38. Rb3 b6 39. axb6 axb6 40. Ra3 Ke7 41. Ra7+ Kf6
42. Rd7 Ne3 43. Rd6+ Kxf5 44. Rxb6 f6 45. Rb7 Kg6 46. Rh3 Ng4 47. b4 cxb4 48.
Rxb4 f5 49. Ra3 Be5 50. Ra6+ Nf6 51. Rb7 h5 52. Raa7 Ng4 53. Ra6+ Bf6 54. Ba3
Re8 55. Be7 h4 56. Bxf6 Nxf6 57. Raa7 Nh5 58. Kc2 h3 59. Rb3 Re2+ 60. Kd1 h2
61. Rh3 Rg2 0-1

[Event "Corus-B"]
[Site "Wijk aan Zee"]
[Date "2004.01.10"]
[Round "1"]
[White "Granda Zuniga, Julio E"]
[Black "Dominguez Perez, Leinier"]
[Result "0-1"]
[WhiteElo "2581"]
[BlackElo "2605"]
[Annotator "Lutz,C"]
[PlyCount "58"]
[EventDate "2004.01.10"]
[EventType "tourn"]
[EventRounds "13"]
[EventCountry "NED"]
[EventCategory "13"]
[SourceTitle "CBM 099"]
[Source "ChessBase"]
[SourceDate "2004.03.30"]
[SourceVersion "1"]
[SourceVersionDate "2004.03.30"]
[SourceQuality "1"]

1. d4 d5 2. c4 c6 3. Nc3 Nf6 4. Nf3 e6 5. e3 Nbd7 6. Qc2 Bd6 7. g4 dxc4 8. g5
$5 {Die aktuelle Praxis zeigt, dass 8.Bxc4 hier der genauere Zug ist.} (8. Bxc4
b6 9. e4 $1) 8... Nd5 9. Bxc4 b6 {Der Vorteil von ...b7-b6 gegenüber ...b7-b5
besteht darin, dass das Feld c5 nicht geschwächt wird und so ...c6-c5 um so
leichter durchgesetzt werden kann.} 10. Bd2 (10. e4 Nxc3 11. bxc3 Bb7 12. Qe2
b5 13. Bb3 Qc7 14. a4 c5 15. Bd2 bxa4 16. Bxa4 O-O 17. h4 f5 18. gxf6 Rxf6 19.
Ng5 h6 20. Nh3 Raf8 21. Bb3 Ba8 22. Bc4 Qb7 23. Bd3 cxd4 24. cxd4 Bb4 $40 {
Costa,J-Van der Werf,M/Mitropa Cup 1995/EXP 46/0-1 (50)}) (10. Ne4 Be7 11. Qe2
Bb7 12. Ng3 b5 13. Bb3 N5b6 14. e4 c5 15. Be3 O-O 16. Rd1 Qc7 17. h4 cxd4 18.
Nxd4 Nc4 19. g6 hxg6 20. h5 g5 21. Nxb5 Qa5+ 22. Nc3 Nxe3 23. Qxe3 Ne5 24. Kf1
Qb6 25. Qxb6 axb6 $17 {0-1 Koch,T-Ruzele,D/Berliner Sommer 1995/EXP 47 (32)})
10... Bb7 11. O-O-O (11. Qe4 b5 12. Be2 a6 13. Qg4 Nxc3 14. Bxc3 b4 15. Bd2 Rc8
16. Rg1 O-O 17. g6 $5 $13 {1-0 Wang Yaoyao-Zhu Chen/Beijing 1997/CBM 61/[Lutz]
(43)}) 11... Rc8 (11... Qc7 12. Kb1 O-O-O 13. Rc1 Nxc3+ 14. Bxc3 Kb8 15. Rhd1
b5 16. Be2 Qb6 17. b4 Qc7 18. h4 h6 19. Nd2 hxg5 20. hxg5 Rh2 21. Ne4 $14 {
1/2-1/2 Barsov,A-Abdulla,A/Dhaka 2001/CBM 82 (43)}) 12. Kb1 b5 13. Be2 Nxc3+
14. Qxc3 b4 15. Qd3 c5 $15 {Es wird deutlich, das die Partie eher nicht so
gelaufen ist, wie es sich der Weiß-Spieler im Shabalov-Angriff erhofft. Die
einzige Spur eines weißen Angriffs ist der Pg5, während andererseits die
Felder auf der Diagonalen a8-h1 geschwächt sind und der weiße König unsicher
steht.} 16. b3 $2 (16. dxc5 Nxc5 17. Qb5+ Qd7 18. Qxb4 e5 19. Ka1 {erscheint
besser, um wenigstens einen Bauern einzukassieren.}) 16... O-O 17. Rhg1 Qb6 18.
Bc1 Bd5 {Der schwarze Angriff spielt sich wie von selbst, während Weiß am
Königsflügel nichts erreicht hat.} 19. e4 c4 20. Qe3 c3 21. Bd3 Bb7 22. Bc2 a5
$19 {Mit der einfachen Idee ...a5-a4 nebst Öffnung der a-Linie.} 23. g6 (23. e5
Be7 24. Qd3 g6 25. h4 a4 26. h5 axb3 27. axb3 Ra8 {, und Weiß kommt viel zu
spät.}) 23... fxg6 24. Ng5 Bf4 25. Qe2 Ba6 26. Qg4 Bxg5 27. Qxg5 a4 28. Be3
axb3 29. Bxb3 Qc6 {Schwarz spielt ...Bc4 im nächsten Zug, so dass Weiß hier
die Lust am Weiterspielen verging.} 0-1